|
|
|
|
| LEADER |
00000cam a2200000 7i4500 |
| 001 |
0000004384 |
| 005 |
20151222.0 |
| 008 |
070726 |
| 020 |
|
|
|a 9676117536(set)
|
| 020 |
|
|
|a 9676117587
|
| 090 |
0 |
0 |
|a JF
|b MOR MAL (4727)
|
| 100 |
0 |
|
|a Mohamad Ali Majod
|
| 245 |
1 |
0 |
|a Hidup beradat
|c Mohamad Ali Majod
|
| 260 |
|
|
|a Kuala Lumpur :
|b Utusan Publication & Distributers ,
|c 2005
|
| 440 |
|
|
|a Siri didik terpuji
|
| 500 |
|
|
|a Children ages 7-9 years old (orange)
|
| 650 |
|
0 |
|a Moral stories
|
| 999 |
|
|
|a 0000975413
|b Book
|c Children Collection
|e Perbadanan Perpustakaan Awam Johor
|
| 999 |
|
|
|a 0000975414
|b Book
|c Children Collection
|e Cawangan Sri Merlong
|
| 999 |
|
|
|a 0000975415
|b Book
|c Children Collection
|e Cawangan Sri Merlong
|
| 999 |
|
|
|a 0000975417
|b Book
|c Children Collection
|e Perbadanan Perpustakaan Awam Johor
|
| 999 |
|
|
|a 0000988959
|b Book
|c Children Collection
|e Cawangan Bukit Gambir
|
| 999 |
|
|
|a 0000988960
|b Book
|c Children Collection
|e Cawangan Bukit Gambir
|
| 999 |
|
|
|a 0000988961
|b Book
|c Children Collection
|e Cawangan Bukit Gambir
|